Fondo documental del Hospital de la Misericordia [Recurs electrònic] / Archivo de la Diputación Provincial de Toledo
Descripción Física:
1 disc òptic (CD-ROM) : col. ; 12 cm
Otros Autores:
Toledo. Diputación. Archivo
MARC
| LEADER | 00000nam a2200000Ia 4500 | ||
|---|---|---|---|
| 001 | 18019 | ||
| 008 | 160829s9999 xx 000 0 cat d | ||
| 080 | |a CD-1-17 | ||
| 245 | |a Fondo documental del Hospital de la Misericordia [Recurs electrònic] / Archivo de la Diputación Provincial de Toledo | ||
| 260 | |a Toledo : |b Archivo de la Diputación Provincial de Toledo, D.L. 1999 | ||
| 300 | |a 1 disc òptic (CD-ROM) : |b col. ; |c 12 cm | ||
| 590 | |a Tít. pres de l'etiquetavbcrlfPC 486; 8 Mb de memòria RAM (recomenat 16); MS-DOS 6.0 i Microsoft Windows 3. 1 o superior; Espai lliure en disc local superior a 10 Mb; Monitor VGA (recomendado SVGA, resolució 800x600, 256 colors); Lector de CD-ROM local o en xarxa. | ||
| 650 | |a Toledo (Província). Diputació. Arxius-Catàlegs |9 38654 | ||
| 650 | |a Hospital de la Misericordia (Toledo) |x Història |x Fonts |x Bibliografíes |9 38655 | ||
| 700 | |a Toledo. Diputación. Archivo |9 38656 | ||
| 901 | |a Arxiu | ||
| 942 | |n 1 | ||
| 952 | |0 0 |1 0 |4 0 |6 CD117 |7 1 |9 48518 |a Arxiu |b Arxiu |d 2016-12-01 |l 0 |o CD-1-17 |p 18019 |r 2016-12-01 00:00:00 |w 2016-12-01 |y ARXIU | ||
| 999 | |c 52347 |d 52347 | ||